Проектирование автоматизированной системы диспетчерского управления "Артезианская вода" с использованием процессного подхода; Молодежь и современные информационные технологии

Podrobná bibliografie
Parent link:Молодежь и современные информационные технологии.— 2005.— С. 165-167
Hlavní autor: Громаков Е. И. Евгений Иванович
Další autoři: Липовка Р. А.
Jazyk:ruština
Vydáno: 2005
Témata:
Médium: Kapitola
KOHA link:https://koha.lib.tpu.ru/cgi-bin/koha/opac-detail.pl?biblionumber=144519

MARC

LEADER 00000naa2a2200000 4500
001 144519
005 20240207130528.0
035 |a (RuTPU)RU\TPU\book\156616 
090 |a 144519 
100 |a 20081003d2005 k y0rusy50 ca 
101 0 |a rus 
102 |a RU 
200 1 |a Проектирование автоматизированной системы диспетчерского управления "Артезианская вода" с использованием процессного подхода  |f Е. И. Громаков, Р. А. Липовка 
320 |a Библиогр.: назв. 
463 0 |0 (RuTPU)RU\TPU\book\118408  |t Молодежь и современные информационные технологии  |o сборник трудов III Всероссийской научно-практической конференции студентов, г. Томск, 15 февраля - 17 февраля 2005 г.  |f Томский политехнический университет  |v С. 165-167  |d 2005  |p 284 с. 
610 1 |a автоматизированные системы 
610 1 |a проектирование 
610 1 |a системы диспетчерского управления 
610 1 |a диспетчерское управление 
610 1 |a процессный подход 
610 1 |a дистанционный контроль 
610 1 |a контроль 
610 1 |a водоснабжение 
610 1 |a труды учёных ТПУ 
610 1 |a артезианское водоснабжение 
700 1 |a Громаков  |b Е. И.  |c специалист в области автоматизированных систем управления  |c доцент Томского политехнического университета, кандидат технических наук  |f 1943-  |g Евгений Иванович  |3 (RuTPU)RU\TPU\pers\25727  |9 11629 
701 1 |a Липовка  |b Р. А. 
801 1 |a RU  |b 63413507  |c 20081003  |g PSBO 
801 2 |a RU  |b 63413507  |c 20131217  |g PSBO 
942 |c BK